[Event "Niedersachsen-ch op-C"]
[White "Umhang, Tanja"]
[Black "Hoke, Adrian Neo"]
[Site "Verden"]
[Round "1"]
[Result "1-0"]
[Date "2016.01.03"]
[WhiteElo "1266"]
[BlackElo "1171"]
[PlyCount "81"]
[EventDate "2016.01.03"]
[EventType "swiss"]
[EventRounds "7"]
[EventCountry "GER"]
[SourceTitle "EXT 2018"]
[Source "ChessBase"]
[SourceDate "2017.10.13"]
[SourceVersion "1"]
[SourceVersionDate "2017.10.13"]
[SourceQuality "1"]

1. e4 c6 2. d4 d5 3. Nc3 dxe4 4. Nxe4 Bf5 5. f3 e6 6. Ne2 h6 7. c3 Be7 8. Qb3 Qb6 9. Qxb6 axb6 10. Bf4 Nf6 11. Nxf6+ Bxf6 12. Ng3 Bh7 13. Nh5 Nd7 14. Nxf6+ Nxf6 15. c4 c5 16. Be5 Ke7 17. a3 Rhg8 18. Rd1 Nd7 19. Bg3 f6 20. Be2 e5 21. d5 Rgf8 22. 0-0 f5 23. Bd3 e4 24. fxe4 fxe4 25. Rfe1 Nf6 26. Bc2 Kd7 27. Be5 Rae8 28. Ba4+ Kd8 29. Bxe8 Rxe8 30. Bxf6+ gxf6 31. Re3 Kd7 32. h3 Kd6 33. Kf2 f5 34. g3 b5 35. b3 bxc4 36. bxc4 b6 37. Rb3 Kc7 38. Ke3 Rg8 39. Kf4 h5 40. Rdb1 e3 41. Rxe3 1-0

[Event "Niedersachsen-ch op-C"]
[White "Kueck, Artur"]
[Black "Umhang, Tanja"]
[Site "Verden"]
[Round "7"]
[Result "1/2-1/2"]
[Date "2013.01.06"]
[WhiteElo "1163"]
[BlackElo "1267"]
[PlyCount "116"]
[EventDate "2013.01.03"]
[EventType "swiss"]
[EventRounds "7"]
[EventCountry "GER"]
[SourceTitle "EXT 2021"]
[Source "ChessBase"]
[SourceDate "2020.10.23"]
[SourceVersion "1"]
[SourceVersionDate "2020.10.23"]
[SourceQuality "1"]

1. e4 e5 2. f4 exf4 3. Nf3 Nc6 4. Bc4 d6 5. Nc3 Be7 6. h4 Bg4 7. d3 Bxf3 8. Qxf3 Bxh4+ 9. Kd1 Ne5 10. Qxf4 Nxc4 11. Qxh4 Qxh4 12. Rxh4 Ne5 13. Nb5 Kd7 14. Be3 a6 15. Nc3 Ne7 16. Ke2 f5 17. Rf1 Raf8 18. Rhf4 g5 19. R4f2 Ng4 20. Rf3 Nh2 21. Bxg5 Nxf3 22. gxf3 h5 23. Ke1 Ng6 24. Nd5 Ne5 25. Ke2 fxe4 26. Nf6+ Kc8 27. fxe4 Ng4 28. b3 Nxf6 29. Bxf6 Rh6 30. Bg5 Rxf1 31. Kxf1 Rg6 32. Bh4 Rg4 33. Bf2 Kd7 34. Ke2 Ke6 35. Ke3 c5 36. c4 Ke5 37. Kf3 Rf4+ 38. Ke3 Rxf2 39. Kxf2 Kd4 40. Kg3 Kxd3 41. Kh4 Kxe4 42. Kxh5 b5 43. cxb5 axb5 44. a4 bxa4 45. bxa4 Kd5 46. Kg4 c4 47. Kf3 c3 48. Ke3 Kc5 49. Kd3 Kb4 50. a5 c2 51. Kxc2 Kxa5 52. Kc3 Kb5 53. Kd3 Kc5 54. Kc3 d5 55. Kd3 d4 56. Kd2 Kc4 57. Kc2 d3+ 58. Kd1 Kd4 1/2-1/2

[Event "Hannover-chA"]
[White "Umhang, Tanja"]
[Black "Seidenstuecker, Hans Lennart"]
[Site "Lehrte"]
[Round "2"]
[Result "0-1"]
[Date "2012.10.20"]
[WhiteElo "1220"]
[BlackElo "1365"]
[PlyCount "96"]
[EventDate "2012.10.20"]
[EventType "swiss"]
[EventRounds "7"]
[EventCountry "GER"]
[SourceTitle "EXT 2021"]
[Source "ChessBase"]
[SourceDate "2020.10.23"]
[SourceVersion "1"]
[SourceVersionDate "2020.10.23"]
[SourceQuality "1"]

1. e4 c5 2. Bc4 Nc6 3. Nf3 g6 4. c3 e6 5. d4 cxd4 6. Nxd4 Nf6 7. Bg5 Bg7 8. e5 Nxe5 9. Bb3 0-0 10. 0-0 d5 11. Re1 Nc6 12. Nd2 Nxd4 13. cxd4 b5 14. Bc2 a5 15. a3 Qb6 16. Nf3 Bb7 17. Ne5 b4 18. Bxf6 Bxf6 19. Nd7 Qxd4 20. Qxd4 Bxd4 21. Nxf8 Bxb2 22. Ra2 Bc3 23. Rb1 Kxf8 24. axb4 axb4 25. Rxa8+ Bxa8 26. Kf1 d4 27. Ke2 Bxg2 28. f3 e5 29. Rg1 Bh3 30. Rc1 Be6 31. Rb1 Bc4+ 32. Bd3 Ba2 33. Rc1 b3 34. Bb1 b2 35. Rd1 Bc4+ 36. Bd3 Bxd3+ 37. Kxd3 f5 38. Rf1 Ke7 39. h3 Kd6 40. Kc4 e4 41. f4 e3 42. Kd3 Kc5 43. h4 Kb4 44. Kc2 e2 45. Rg1 e1Q 46. Rxe1 Bxe1 47. Kxb2 Bc3+ 48. Kc2 Kc4 0-1